| 000 -CABECERA |
| Longitud fija campo de control |
00475nam a2200169 a 4500 |
| 001 - NÚMERO DE CONTROL |
| Número de control |
72 |
| 003 - IDENTIFICADOR DEL NÚMERO DE CONTROL |
| Identificador del número de control |
CDMR |
| 005 - FECHA Y HORA DE LA ÚLTIMA TRANSACCIÓN |
| Fecha y hora de la última transacción |
20151016140002.0 |
| 008 - CÓDIGOS DE INFORMACIÓN DE LONGITUD FIJA |
| Códigos de información de longitud fija |
130130s1988||||||||||||||||||||||||||||d |
| 040 ## - FUENTE DE LA CATALOGACIÓN |
| Centro catalogador de origen |
CDMR |
| Lengua de catalogación |
cat |
| Centro transcriptor |
CDMR |
| 100 1# - PUNTO DE ACCESO PRINCIPAL-NOMBRE DE PERSONA |
| Nombre de persona |
Munsó Cabús, Joan |
| 9 (RLIN) |
68 |
| 245 10 - MENCIÓN DE TÍTULO |
| Título |
50 años en Radio Nacional de España |
| Resto del título |
: Escrito en el aire |
| 260 ## - PUBLICACIÓN, DISTRIBUCIÓN, ETC. (PIE DE IMPRENTA) |
| Lugar de publicación, distribución, etc. |
Madrid |
| Fecha de publicación, distribución, etc. |
1988 |
| Nombre del editor, distribuidor, etc. |
RTVE |
| 650 04 - PUNTO DE ACCESO ADICIONAL DE MATERIA - TÉRMINO DE MATERIA |
| 9 (RLIN) |
1720 |
| Término de materia o nombre geográfico como elemento inicial |
Radiodifusió |
| Subdivisión geográfica |
Espanya |
| 610 2# - PUNTO DE ACCESO ADICIONAL DE MATERIA - NOMBRE DE ENTIDAD CORPORATIVA |
| 9 (RLIN) |
3198 |
| Nombre de entidad corporativa o nombre de jurisdicción como elemento inicial |
Radio Nacional de España |
| Subdivisió,n de materia general |
Història |
| 942 ## - ENTRADA DE ELEMENTOS AGREGADOS (KOHA) |
| Koha [por defecto] tipo de item |
Monografies |
| Fuente de clasificaión o esquema |
|